[Event "Jaffna op"]
[Site "Jaffna"]
[Date "2023.12.09"]
[Round "3"]
[White "Perera, TH Adrian Savidya"]
[Black "Dissanayake, RKT"]
[Result "0-1"]
[WhiteElo "1144"]
[BlackElo "1865"]
[PlyCount "72"]
[EventDate "2023.12.08"]
[EventType "swiss"]
[EventRounds "10"]
[EventCountry "SRI"]
[SourceTitle "CBM 217 Extra"]
[Source "ChessBase"]
[SourceDate "2024.01.31"]
[SourceVersion "1"]
[SourceVersionDate "2024.01.31"]
[SourceQuality "1"]

1. e4 c5 2. Nf3 d6 3. d4 cxd4 4. Nxd4 Nf6 5. Nc3 a6 6. Bg5 e6 7. f4 h6 8. Bh4 Be7 9. Qf3 Qc7 10. 0-0-0 Nbd7 11. Bd3 g5 12. fxg5 Ne5 13. Qe2 Nh7 14. g6 Bxh4 15. gxh7 Rxh7 16. Nf3 Bf6 17. Nd4 Bd7 18. h4 0-0-0 19. Kb1 Kb8 20. Rdf1 Bh8 21. Rd1 Rg7 22. Rdg1 Rg3 23. Qf2 Rgg8 24. Qe1 Nxd3 25. cxd3 Bxd4 26. Rf1 Rxg2 27. Rxf7 Qb6 28. Qc1 Be3 29. Na4 Bxa4 30. Qc7+ Qxc7 31. Rxc7 Kxc7 32. b3 Bb5 33. Rd1 Rf8 34. a4 Bxd3+ 35. Rxd3 Rf1+ 36. Rd1 Rxd1# 0-1